Les coéquipiers de Paulo Dybala à la Juventus - Statistiques

Statistiques générales
  • Ce quiz a été pris 134 fois
  • Le résultat moyen est 29 sur 76
Statistiques - réponses
Saisons Nationalité Joueur Nombre de matchs Poste % Correct
2015-2017, 2018-2022 Italie Leonardo Bonucci 198 D
90%
2018-2021 Portugal Cristiano Ronaldo 93 A
86%
2013-2019 Colombie Juan Cuadrado 194 D/A
85%
2015-2022 Brésil Alex Sandro 204 D
84%
2015-2022 Italie Giorgio Chiellini 148 D
84%
2016-2020 Bosnie-Herzégovine Miralem Pjanic 138 M
84%
2015-2018, 2019-2021 Italie Gianluigi Buffon 124 G
81%
2015-2016 France Paul Pogba 43 M
78%
2017-2020 France Blaise Matuidi 108 M
76%
2015-2020 Croatie Mario Mandzukic 123 A
76%
2019-2022 France Adrien Rabiot 86 M
75%
2015-2019 Italie Andrea Barzagli 107 D
68%
2019-2022 Brésil Danilo 71 D
67%
2016-2018, 2019-2020 Argentine Gonzalo Higuaín 106 A
67%
2015-2016, 2020-2022 Espagne Álvaro Morata 68 A
66%
2015-2021 Allemagne Sami Khedira 111 M
65%
2020-2022 Italie Federico Chiesa 31 A
63%
2019-2022 Pays-Bas Matthijs de Ligt 85 D
58%
2016-2019 Maroc Medhi Benatia 46 D
58%
2017-2022 Uruguay Rodrigo Bentancur 131 M
57%
2017-2022 Pologne Wojciech Szczesny 130 G
56%
2021-2022 Serbie Dusan Vlahovic 15 A
55%
2018-2020 Allemagne Emre Can 35 M
55%
2020-2022 Etats-Unis Weston McKennie 38 M
55%
2019-2022 Pays de Galles Aaron Ramsey 39 M
54%
2017-2020 Brésil Douglas Costa 67 A
54%
2015-2018 Italie Claudio Marchisio 66 M
49%
2015-2017 Gabon Mario Lemina 27 M
48%
2018-2019, 2021-2022 Italie Mattia Perin 18 G
48%
2020-2022 Suède Dejan Kulusevski 28 A
47%
2018-2019 Portugal João Cancelo 24 D
46%
2015-2020, 2021-2022 Italie Daniele Rugani 91 D
45%
2017-2020, 2021-2022 Italie Mattia De Sciglio 69 D
45%
2018-2019, 2021-2022 Italie Moise Kean 31 A
44%
2014-2017 France Patrice Evra 36 D
44%
2015-2018 Suisse Stephan Lichtsteiner 76 D
42%
2017-2022 Italie Federico Bernardeschi 104 A
41%
2015-2018 Ghana Kwadwo Asamoah 50 M
41%
2016-2017 Brésil Dani Alves 27 D
40%
2015-2016, 2018-2019 Uruguay Martín Cáceres 15 D
40%
2019-2021 Turquie Merih Demiral 14 D
35%
2020-2022 Brésil Arthur Melo 35 M
32%
2016-2017 Croatie Marko Pjaca 10 A
32%
2021-2022 Suisse Denis Zakaria 11 M
31%
2021-2022 Italie Manuel Locatelli 30 M
31%
2015-2017 Brésil Neto 19 G
29%
2021-2022 Italie Fabio Miretti 4 M
25%
2017-2022 Italie Carlo Pinsoglio 4 G
24%
2021-2022 Argentine Matías Soulé 1 A
24%
2017-2018 Allemagne Benedikt Höwedes 3 D
21%
2015-2018 Italie Stefano Sturaro 50 M
21%
2021-2022 France Marley Aké 4 A
20%
2015-2016 Espagne Fernando Llorente 2 A
17%
2015-2017 Brésil Hernanes 25 M
17%
2016-2017 Venezuela Tomás Rincón 14 M
17%
2018-2019 Italie Leonardo Spinazzola 7 D
15%
2015-2016 Italie Simone Zaza 10 A
15%
2015-2016 Chili Mauricio Isla 1 D
14%
2021-2022 Brésil Kaio Jorge 6 A
13%
2021-2022 Belgique Koni De Winter 2 D
13%
2015-2016 Italie Simone Padoin 11 M
13%
2015-2016 Argentine Roberto Pereyra 12 M
12%
2020-2021 Italie Gianluca Frabotta 7 D
11%
2021-2022 Italie Luca Pellegrini 13 D
9%
2018-2019 Chypre Grigoris Kastanos 1 M
8%
2018-2019 Angleterre Stephy Mavididi 1 A
7%
2020-2021 Albanie Giacomo Vrioni 1 A
4%
2018-2019 Italie Hans Nicolussi Caviglia 3 M
4%
2015-2016 Italie Andrea Favilli 1 A
3%
2016-2017 Italie Emil Audero 1 G
3%
2018-2019 Italie Manolo Portanova 1 M
3%
2018-2019 Brésil Matheus Pereira 1 M
3%
2016-2017 Italie Rolando Mandragora 1 M
2%
2019-2020 Italie Simone Muratore 2 M
2%
2017-2018 Italie Fabrizio Caligara 1 M
1%
2018-2019 Italie Paolo Gozzi 1 D
1%
Aucun quiz correspondant
Distribution des résultats
% des personnes avec chaque résultat
Percentile par nombre de réponses
Votre historique - résultats
Vous n’avez pas pris ce quiz